000 00446nam a2200181Ia 4500
001 23465
005 20260414150939.0
008 260414t2020||||xx |||||||||||||| ||spa||
041 _aESP
082 _a650.01513
_bV63
100 _aVidaurri Aguirre, Héctor Manuel
_eAUT
245 0 _aMatemáticas financieras
_b
260 _c2020
300 _axiv, 558 páginas :
_c27 cm.
650 _aGEN
654 _aCCO
942 _cLIB
_dJUS
_fJUS
_2ddc
_n
999 _c23465
_d23465